000 00255nam a2200097Ia 4500
008 190216s9999||||xx |||||||||||||| ||und||
100 _aDick A Stokev
245 0 _a"Cycles What They Are ,what They Mean, How To Profit By Them."
260 _bNull
942 _cBK
999 _c9496
_d9496